|
|
|
|
| LEADER |
00000nas a2200000 a 4500 |
| 001 |
ssj0000849942 |
| 003 |
WaSeSS |
| 005 |
20200512172242.0 |
| 006 |
m d |
| 007 |
cr n |
| 008 |
970821u1997uuuuae qr p s 0 0fre c |
| 010 |
|
|
|a 00222704
|
| 016 |
7 |
|
|a 2089588-4
|2 DE-600
|
| 022 |
|
|
|l 1111-2050
|y 1111-2050
|
| 035 |
|
|
|a (WaSeSS)ssj0000849942
|
| 040 |
|
|
|a INU
|b eng
|c INU
|d CLU
|d DLC
|d HLS
|d OCLCQ
|d DEBBG
|d IUL
|d CLU
|d OCLCF
|d OCLCA
|d OCLCO
|d OCLCA
|d OCLCQ
|d WaSeSS
|
| 041 |
0 |
|
|a fre
|a ara
|
| 042 |
|
|
|a pcc
|
| 043 |
|
|
|a f-ae---
|
| 050 |
0 |
0 |
|a H53.A4
|b I57
|
| 050 |
1 |
4 |
|a HN783
|b .A56
|
| 082 |
0 |
4 |
|a 572.0965
|b I59
|
| 130 |
0 |
|
|a Insaniyat (Oran, Algeria)
|
| 222 |
|
0 |
|a ʼInsaniyat
|
| 245 |
1 |
0 |
|a Insaniyat
|h [electronic resource] :
|b revue algérienne d'anthropologie et de sciences sociales.
|
| 260 |
|
|
|6 880-01
|a Oran, Algeria :
|b Centre de recherche en anthropologie sociale et culturelle,
|c 1997-
|
| 310 |
|
|
|a Quarterly,
|b <juillet/septembre 2003->
|
| 321 |
|
|
|a Three no. a year,
|b 1997-<2001>
|
| 362 |
1 |
|
|a Began with No 1 (printemps 1997).
|
| 500 |
|
|
|a Each issue also has a distinctive title.
|
| 506 |
|
|
|a License restrictions may limit access.
|
| 515 |
|
|
|a Issues for 1998-<2007> also called v. 2, 1-<vol. 11, 4>
|
| 546 |
|
|
|a Chiefly in French; with some Arabic.
|
| 588 |
|
|
|a Description based on: No 1 (printemps 1997); title from cover.
|
| 588 |
|
|
|a Latest issue consulted: No 38 (octobre/décembre 2007) = Vol. 11, 4.
|
| 650 |
|
0 |
|a Social sciences
|z Algeria
|v Periodicals.
|
| 650 |
|
0 |
|a Anthropology
|z Algeria
|v Periodicals.
|
| 650 |
|
7 |
|a Anthropology.
|2 fast
|0 (OCoLC)fst00810196
|
| 650 |
|
7 |
|a Social sciences.
|2 fast
|0 (OCoLC)fst01122877
|
| 651 |
|
7 |
|a Algeria.
|2 fast
|0 (OCoLC)fst01205459
|
| 655 |
|
0 |
|a Electronic journals.
|
| 710 |
2 |
|
|6 880-02
|a Markaz al-Baḥth fī al-Antrūbūlūjiyā al-Ijtimāʻīyah wa-al-Thaqāfīyah (Algeria)
|
| 850 |
|
|
|a DLC
|
| 856 |
4 |
0 |
|z Full text available from Research Library: 01/01/1997 to 10/31/2006
|u https://search.proquest.com/publication/626430
|
| 880 |
|
|
|6 260-01/(3/r
|a وهران :
|b مركز البحث في الأنتروبولوجية الاجتماعية والثقافية،
|c 1997-
|
| 880 |
2 |
|
|6 710-02/(3/r
|a ‏مركز البحث في الأنثروبولوجية الإجتماعية و الثقافة (الجزائر)
|